LEADER 01122nam--2200373---450 001 990002415230203316 005 20200619100913.0 010 $a88-7812-091-X 035 $a000241523 035 $aUSA01000241523 035 $a(ALEPH)000241523USA01 035 $a000241523 100 $a20050428d2001----km-y0itay0103----ba 101 $aita 102 $aIT 105 $a||||||||001yy 200 1 $aAIB 98$eatti del XLIV Congresso nazionale dell'Associazione italiana biblioteche$eGenova, 28-30 aprile 1998$fa cura di Fernanda Canepa e Graziano Ruffini 210 $aRoma$cAssociazione Italiana Biblioteche$d2001 215 $a245 p.$d24 cm 410 0$12001 454 1$12001 461 1$1001-------$12001 606 0 $aBiblioteconomia$xCongressi$z1998 676 $a020 702 1$aCANEPA,$bFernanda 702 1$aRUFFINI,$bGraziano 710 02$aAssociazione Italiana Biblioteche$0104838 801 0$aIT$bsalbc$gISBD 912 $a990002415230203316 951 $aI.2.B. 441(XIII B 191)$b172769 L.M.$cXIII B$d00093437 959 $aBK 969 $aUMA 996 $aAIB 98$91066069 997 $aUNISA